One Piece Logia Devil Fruits - Statistics

General Stats
  • This quiz has been taken 642 times
  • The average score is 11 of 13
Answer Stats
User Answer % Correct
Portgas D. Ace Flame-Flame Fruit
99%
Smoker Plume-Plume Fruit
99%
Crocodile Sand-Sand Fruit
99%
Kuzan (Aokiji) Ice-Ice Fruit
97%
Blackbeard Dark-Dark Fruit
96%
Borsalino (Kizaru) Glint-Glint Fruit
96%
Sakazuki (Akainu) Magma-Magma Fruit
95%
Enel Rumble-Rumble Fruit
91%
Caesar Clown Gas-Gas Fruit
85%
Monet Snow-Snow Fruit
79%
Caribou Swamp-Swamp Fruit
62%
Karasu Soot-Soot Fruit
45%
Aramaki (Ryokugyu) Woods-Woods Fruit
45%
No matching quizzes found
Score Distribution
Percent of People with Each Score
Percentile by Number Answered
Your Score History
You have not taken this quiz